| 000 | 01191nam a22003377a 4500 | ||
|---|---|---|---|
| 003 | CHAP | ||
| 005 | 20220329135934.0 | ||
| 008 | 971013s1985 r 00010 d | ||
| 010 | _a44395 | ||
| 011 | _a45367 | ||
| 035 | _a49506 | ||
| 040 | _cCHAP | ||
| 090 | _aTesis | ||
| 100 | 0 | 0 |
_aRamírez Monroy, Antonio. _994158 |
| 245 | _aRespuesta de dos variedades de triticale a variaciones en la humedad del suelo, en diferentes densidades de siembra en el Valle de México | ||
| 260 |
_aChapingo, Méx. : _bEl autor, _c1985 |
||
| 300 | _a86 h. | ||
| 502 | _aTesis (Ing. Agr. Esp. en Suelos) -- UACH. Departamento de Suelos | ||
| 590 |
_aALEPH _b10 _c20130110 _lUCH01 _h1313 |
||
| 590 |
_aBATCH-UPD _b10 _c20130110 _lUCH01 _h0021 |
||
| 590 |
_aBATCH-UPD _b10 _c20130110 _lUCH01 _h1924 |
||
| 590 |
_aBATCH-UPD _b10 _c20130410 _lUCH01 _h1249 |
||
| 590 |
_aBATCH-UPD _b10 _c20130914 _lUCH01 _h1952 |
||
| 590 |
_aCONVERSION _b10 _c20130109 _lUCH01 _h1324 |
||
| 650 | 1 | 4 |
_aTriticale _xEfecto del medio ambiente. _9115206 |
| 650 | 1 | 4 |
_aTriticale _xEspaciamiento. _9115208 |
| 650 | 1 | 4 |
_aTriticale _xVariedades. _9115231 |
| 901 | _aBK | ||
| 942 | _cTESIS | ||
| 949 |
_bBC _cTES _d-111661 _eTS1 _h10377 _i49506 _si |
||
| 999 |
_c44395 _d44395 |
||